000 00243nam a2200109Ia 4500
008 200302s9999 xx 000 0 und d
100 _aDerek Walker
245 _aGreat Engineers
260 _bSt Martins Press
260 _c1987
300 _a288P.,
999 _c961
_d961